Catalog handbook of fine chemical Aldrich 1992 - 1993
Shranjeno v:
| Glavni avtor: | |
|---|---|
| Format: | Knjiga |
| Jezik: | Undetermined |
| Izdano: |
Wisconsin
Aldrich Chemical
1992
|
| Teme: | |
| Oznake: |
Označite
Brez oznak, prvi označite!
|
| Thư viện lưu trữ: | Trung tâm Học liệu Trường Đại học Cần Thơ |
|---|
| LEADER | 00501nam a2200193Ia 4500 | ||
|---|---|---|---|
| 001 | CTU_23465 | ||
| 008 | 210402s9999 xx 000 0 und d | ||
| 082 | |a 016.66 | ||
| 082 | |b A357 | ||
| 100 | |a Aldrich | ||
| 245 | 0 | |a Catalog handbook of fine chemical Aldrich 1992 - 1993 | |
| 245 | 0 | |c Aldrich | |
| 260 | |a Wisconsin | ||
| 260 | |b Aldrich Chemical | ||
| 260 | |c 1992 | ||
| 650 | |a chemical | ||
| 650 | |x Bibliography | ||
| 904 | |i Truc | ||
| 980 | |a Trung tâm Học liệu Trường Đại học Cần Thơ | ||